Guess The NBA Stars Hometown - Statistics

General Stats
  • This quiz has been taken 72 times
  • The average score is 4 of 12
Answer Stats
Hint Answer % Correct
LeBron James Akron, OH
90%
James Harden Los Angeles, CA
78%
Demar DeRozan Compton, CA
58%
Kevin Durant Washington DC, MD
52%
Blake Griffin Oklahoma City, OK
47%
Damian Lillard Oakland, CA
45%
Carmelo Anthony Brooklyn, NY
25%
Chris Paul Winston-Salem, NC
17%
Andre Iguodala Springfield, IL
13%
Paul George Palmdale, CA
10%
Amare Stoudemire Lake Wales, FL
7%
Josh Smith College Park, GA
5%
No matching quizzes found
Score Distribution
Percent of People with Each Score
Percentile by Number Answered
Your Score History
You have not taken this quiz